| 000 | 00434nam a22001697a 4500 | ||
|---|---|---|---|
| 003 | SGT | ||
| 020 | _a9781496378668 | ||
| 082 |
_a616.0757 _bT19D |
||
| 100 | _aDUTTON, ANDREA GUILLEN | ||
| 245 | _aTORRES PATIENT CARE IN IMAGING TECHNOLOGY | ||
| 250 | _a9TH | ||
| 260 |
_aPHILADELPHIA _bWOLTERS KLUWER PUB _c2019 |
||
| 300 | _a375 | ||
| 650 | _aRADIOLOGY | ||
| 653 | _aTORRES PATIENT CARE IN IMAGING TECHNOLOGY | ||
| 942 |
_2ddc _cBK |
||
| 999 |
_c23784 _d23784 |
||